The reality of management / (Record no. 3339)
[ view plain ]
| 000 -LEADER | |
|---|---|
| fixed length control field | 01023nam a2200169 a 4500 |
| 020 ## - INTERNATIONAL STANDARD BOOK NUMBER | |
| ISBN | 0750642890 |
| 050 14 - CALL NUMBER | |
| Classification number | HD31 |
| Item number | .S6942 |
| 100 1# - AUTHOR | |
| Personal name | Stewart, Rosemary. |
| 245 14 - TITLE | |
| Title | The reality of management / |
| Statement of responsibility, etc | Rosemary Stewart. |
| 250 ## - EDITION | |
| Edition statement | 3rd ed. |
| 260 ## - PUBLICATION INFORMATION | |
| Place of publication | Jordan Hill, Oxford ; |
| -- | Boston : |
| Name of publisher | Butterworth-Heinemann, |
| Year of publication | 1997 |
| 300 ## - DESCRIPTION | |
| Number of Pages | xvi, 208 p. ; |
| Dimensions | 24 cm. |
| 505 ## - FORMATTED CONTENTS NOTE | |
| Table of Content | Part 1. The Job --<br/>Chapter 1. What does the manager do? --<br/>Chapter 2. Making decisions --<br/>Chapter 3. Getting the job done --<br/>Chapter 4. Leadership and development --<br/><br/>Part 2. The Organization --<br/>Chapter 5. The setting for modern management --<br/>Chapter 6. What kind of structure? --<br/>Chapter 7. People and organization.<br/><br/>Part 3. Contrast in Management<br/>Chapter 8. The social environment of management<br/>Chapter 9. Management in large organizations<br/>Chapter 10. The manager and change<br/><br/>Part 4. Managing Now and in the Future<br/>Chapter 11 Practical implications<br/> |
| 650 #0 - SUBJECTS | |
| Topical Term | Management. |
| 650 #0 - SUBJECTS | |
| Topical Term | Industrial management. |
| 942 ## - ADDED ENTRY ELEMENTS (KOHA) | |
| Koha item type | Books |
| Withdrawn status | Lost status | Collection code | Home library | Current library | Shelving location | Date acquired | Full call number | Accession Number | Koha item type |
|---|---|---|---|---|---|---|---|---|---|
| Reference | Methodist University Library Main | Methodist University Library Main | General Stacks | 14/12/1999 | HD31 .S6942 | 10246 | Books | ||
| Reference | Methodist University Library Main | Methodist University Library Main | General Stacks | 14/12/1999 | HD31 .S6942 | 10245 | Books |